| 000 | 00999nam a22002537i 4500 | ||
|---|---|---|---|
| 999 |
_c23153 _d23153 |
||
| 003 | AR-CdUCM | ||
| 008 | 241213b20212021 pe||||| |||| 00| 0 spa d | ||
| 020 | _a978-612-48354-1-4 | ||
| 040 |
_aMUNICIPALIDAD PROVINCIAL DEL CUSCO _cBIBLIOTECA MUNICIPAL DEL CUSCO |
||
| 041 | _hspa | ||
| 082 |
_a700.1 / H37 _bH37 |
||
| 100 |
_aHelberg Chávez, Heinrich _915131 |
||
| 245 | _aArte y creatividad / | ||
| 260 |
_aCusco : _bUniversidad Nacional Diego Quispe Tito. _c2021 |
||
| 300 |
_a133 páginas. : _c21 cm. |
||
| 500 | _zBibliografía: páginas 111-114 | ||
| 505 | _aPensar el arte -- El sentido del arte y la creatividad social -- La lógica del discurso poético -- La revolucíon poética -- La forma nacida de dentro/ la estética inmanentista -- La revolucíon poética II -- Confesión -- La lógica del arte | ||
| 650 |
_aArte _9561 |
||
| 650 |
_aCreatividad _913632 |
||
| 650 |
_aLógica _92358 |
||
| 650 |
_aPoética _9391 |
||
| 942 |
_2ddc _cLIBROS |
||
| 945 |
_apbj _d13-12-2024 |
||